Người tình tuyệt vời

Сохранить в:
Библиографические подробности
Главный автор: FRANK SLAUGHTER
Формат:
Язык:Undetermined
Опубликовано: Văn học 2001
Метки: Добавить метку
Нет меток, Требуется 1-ая метка записи!
Thư viện lưu trữ: Trung tâm Học liệu Trường Đại học Cần Thơ
LEADER 00419nam a2200145Ia 4500
001 CTU_48729
008 210402s9999 xx 000 0 und d
082 |a 813.5 
082 |b S631 
100 |a FRANK SLAUGHTER 
245 0 |a Người tình tuyệt vời 
245 0 |c FRANK SLAUGHTER, Nguyễn Lan Đồng 
260 |b Văn học 
260 |c 2001 
980 |a Trung tâm Học liệu Trường Đại học Cần Thơ